LEADER 00791nam a2200193 i 4500 001 000000026001 003 CaOOAMICUS 005 20200212152152.0 008 180830s1893 it u000 u ita u 040 $aSeMil$bita 100 1 $aFerrieri, Pio.$0(OLS)http://semarc/name/11567 245 10$aStoria della letteratura italiana /$cPio Ferrieri. 260 $aMilano [etc.] :$bFrancesco Vallardi,$c[1893] 300 $av. ;$c19 cm. 774 0 $t1: Il Medio evo.$dMilano [etc.] : Vallardi, [1893]$kBiblioteca Vallardi$w()209347 830 0$aBiblioteca Vallardi.$0(OLS)http://semarc/title/35057 996 $6245$aStoria della letteratura italiana$9(OLS)http://semarc/title/2503 996 $6260$aMilano [etc.] :$bFrancesco Vallardi$9(OLS)http://semarc/publisher/36386 LEADER 01170nam a2200277 i 4500 001 000000042982 003 CaOOAMICUS 005 20150129000000.0 008 150129s1977 it u000 u ita u 013 $a14152 040 $aSeMil$bita 100 1 $aSaraceno, Pasquale <1903-1991>.$0(OLS)http://semarc/name/21314 245 10$aIntervista sullla ricostruzione 1943-1953 /$cPasquale Saraceno ; a cura di Lucio Villari. 260 $aBari :$bLaterza,$cstampa 1977. 300 $a184 p. ;$c19 cm. 490 0 $aSaggi tascabili Laterza ;$v36 500 $aContiene : Appendice. 650 4$aItalia - Economia.$0(OLS)http://semarc/subject/9162 650 4$aItalia - Storia - Sec. 20.$0(OLS)http://semarc/subject/254 700 1 $aVillari, Lucio,$d<1933-2025>.$0(OLS)http://semarc/name/21315 830 0$aSaggi tascabili Laterza ;$v36.$0(OLS)http://semarc/title/6926 850 $aSeMil 852 $aSeMil$W1$xVenegono$y1$m3N I 440$j9137$B9137$CSeMilBibl$Z2$F9137 $81 961 $aOmaggio: Donazione 996 $6245$aIntervista sullla ricostruzione 1943-1953$9(OLS)http://semarc/title/62936 996 $6260$aBari :$bLaterza$9(OLS)http://semarc/publisher/29858